Normal view
MARC view
Entry Personal Name
001 - CONTROL NUMBER
- control field: 1237228
003 - CONTROL NUMBER IDENTIFIER
- control field: OSt
005 - DATE AND TIME OF LATEST TRANSACTION
- control field: 20260430150341.0
008 - FIXED-LENGTH DATA ELEMENTS
- fixed length control field: 260430|| aca||aabn | a|a d
040 ## - CATALOGING SOURCE
- Original cataloging agency: OSt
- Transcribing agency: OSt
100 ## - HEADING--PERSONAL NAME
- Personal name: Tandon Shweta Au.; Sarkar Surajit Gu
670 ## - SOURCE DATA FOUND
- Source citation: Work cat.: (OSt)1849577: Tandon Shweta Au.; Sarkar Surajit Gu., Deciphering the Mechanistic in- Depths of the Insulin Signalling Ppthway and Exploring the therapeutic Interventions to Mitigate Human Polyglutamine Disorders in Drosophila, 2023
